00761 2200265 4500001002100000005001700021008004100038020001800079035002400097041000800121043001200129082000800141090001900149100003100168245010000199250001100299260003600310300002800346500001200374500003100386650003100417700001500448850001200463999002000475YOGYA-0511000000097220110512141730.0 ind  a979-8120-86-8 0010-051100000000971 aInd aYOPDYOG a297 aDEP 297bSir I aSIREGAR, Mahmud Aziz, Haji aIslam untuk berbagai aspek kehidupancH. Mahmud Aziz Siregar ; penyunting, Kamaludin...[et al]. aCet.1. aYogyakartabTiara Wacanac1999. axviii, 151 hlm.c21 cm. aIndeks. aBibliografi : hlm. 143-145 aKehidupan beragama (Islam) aKamaluddin aYOPDYOG aCB-D.11 1999-48